Survivor Contestants Part 1 Quiz Stats

Quiz not verified by Sporcle

Challenge
Share
Tweet
Embed
Score 0/277 Timer 20:00
0 Plays Today
Season Contestant % Correct
BorneoRichard Hatch
100%
BorneoKelly Wigglesworth
100%
BorneoRudy Boesch
100%
BorneoSusan Hawk
100%
BorneoColleen Haskell
98.1%
BorneoSean Kenniff
96.2%
BorneoJenna Lewis
92.5%
Australian OutbackTina Wesson
92.5%
Australian OutbackColby Donaldson
92.5%
All StarsAmber Brkich
92.5%
All StarsRob Mariano
92.5%
All StarsRupert Boneham
92.5%
All StarsJenna Lewis
92.5%
BorneoBB Anderson
90.6%
BorneoSonja Christopher
90.6%
Australian OutbackAmber Brkich
90.6%
AfricaEthan Zohn
90.6%
AfricaLex van den Berghe
90.6%
All StarsTina Wesson
90.6%
All StarsLex van den Berghe
90.6%
All StarsAlicia Calaway
90.6%
All StarsTom Buchanan
90.6%
BorneoGervase Peterson
88.7%
BorneoGreg Buis
88.7%
Australian OutbackKeith Famie
88.7%
Australian OutbackElisabeth Hasselbeck
88.7%
Australian OutbackJerri Manthey
88.7%
AfricaKim Johnson
88.7%
MarquesasVecepia Towery
88.7%
MarquesasKathy Vavrick-O'Brien
88.7%
ThailandBrian Heidik
88.7%
AmazonJenna Morasca
88.7%
AmazonMatthew von Erfelda
88.7%
AmazonRob Cesternino
88.7%
AmazonButch Lockley
88.7%
All StarsRudy Boesch
88.7%
All StarsJenna Morasca
88.7%
All StarsRichard Hatch
88.7%
All StarsSusan Hawk
88.7%
All StarsEthan Zohn
88.7%
All StarsJerri Manthey
88.7%
All StarsKathy Vavrick O'Brien
88.7%
All StarsShii Ann Huang
88.7%
Australian OutbackRodger Bingham
86.8%
Australian OutbackNick Brown
86.8%
Australian OutbackAlicia Calaway
86.8%
AfricaTom Buchanan
86.8%
MarquesasNeleh Dennis
86.8%
MarquesasPaschal English
86.8%
ThailandClay Jordan
86.8%
Pearl IslandsSandra Diaz-Twine
86.8%
Pearl IslandsLillian Morris
86.8%
Pearl IslandsJon Dalton
86.8%
Pearl IslandsDarrah Johnson
86.8%
Pearl IslandsRupert Boneham
86.8%
All StarsColby Donaldson
86.8%
BorneoGretchen Cordy
84.9%
AmazonHeidi Strobel
84.9%
Pearl IslandsBurton Roberts
84.9%
VanuatuChris Daughterty
84.9%
PalauTom Westman
84.9%
PalauKatie Gallagher
84.9%
PalauIan Rosenberger
84.9%
PalauJennifer Lyon
84.9%
PalauCaryn Groedel
84.9%
PalauStephenie LaGrossa
84.9%
PalauBobby Jon Drinkard
84.9%
GuatemalaDanni Boatwright
84.9%
PanamaAras Baskauskas
84.9%
PanamaDanielle DiLorenzo
84.9%
PanamaTerry Deitz
84.9%
PanamaCirie Fields
84.9%
PanamaShane Powers
84.9%
GuatemalaStephenie LaGrossa
84.9%
All StarsRob Cesternino
84.9%
Australian OutbackJeff Varner
83%
Australian OutbackKel Gleason
83%
Australian OutbackDebb Eaton
83%
MarquesasRob Mariano
83%
ThailandJan Gentry
83%
AmazonChristy Smith
83%
Pearl IslandsChrista Hastie
83%
Pearl IslandsTijuana Bradley
83%
Pearl IslandsOsten Taylor
83%
VanuatuTwila Tanner
83%
VanuatuScout Cloud Lee
83%
VanuatuEliza Orlins
83%
PalauGregg Carey
83%
PalauCoby Archa
83%
GuatemalaRafe Judkins
83%
PanamaCourtney Marit
83%
Cook IslandsYul Kwon
83%
Cook IslandsOzzy Lusth
83%
Season Contestant % Correct
Cook IslandsBecky Lee
83%
Cook IslandsSundra Oakley
83%
Cook IslandsAdam Gentry
83%
Cook IslandsParvati Shallow
83%
Cook IslandsJonathan Penner
83%
Cook IslandsCandice Woodcock
83%
ChinaTodd Herzog
83%
ChinaCourtney Yates
83%
ChinaAmanda Kimmel
83%
ChinaDenise Martin
83%
BorneoDirk Been
81.1%
BorneoRamona Gray
81.1%
Australian OutbackMichael Skupin
81.1%
Australian OutbackMaralyn Hershey
81.1%
MarquesasSean Rector
81.1%
ThailandHelen Glover
81.1%
ThailandTed Rogers, Jr.
81.1%
AmazonAlex Bell
81.1%
Pearl IslandsRyan Opray
81.1%
Pearl IslandsAndrew Savage
81.1%
PalauJanu Tornell
81.1%
GuatemalaLydia Morales
81.1%
Cook IslandsNathan Gonzalez
81.1%
FijiEarl Cole
81.1%
FijiDre Herd
81.1%
FijiYau Man Chan
81.1%
Fans v. FavoritesParvati Shallow
81.1%
Fans v. FavoritesAmanda Kimmel
81.1%
Fans v. FavoritesCirie Fields
81.1%
Fans v. FavoritesNatalie Bolton
81.1%
BorneoJoel Klug
79.2%
BorneoStacey Stillman
79.2%
Australian OutbackMitchell Olsen
79.2%
AfricaTeresa Cooper
79.2%
MarquesasZoe Zanidakis
79.2%
MarquesasJohn Carroll
79.2%
VanuatuAmi Cusack
79.2%
GuatemalaCindy Hall
79.2%
GuatemalaJudd Sergeant
79.2%
GuatemalaGary Hogeboom
79.2%
PanamaBruce Kanegai
79.2%
FijiCassandra Franklin
79.2%
ChinaPeih-Gee Law
79.2%
ChinaErik Huffman
79.2%
Fans v. FavoritesErik Reichenbach
79.2%
Fans v. FavoritesJason Siska
79.2%
Australian OutbackKimmi Kappenberg
77.4%
AfricaKim Powers
77.4%
AfricaFrank Garrison
77.4%
MarquesasRobert DeCanio
77.4%
MarquesasTammy Leitner
77.4%
AmazonDeena Bennett
77.4%
PalauWanda Shirk
77.4%
PalauJonathan Libby
77.4%
PanamaSally Schumann
77.4%
PanamaAustin Carty
77.4%
PanamaMisty Giles
77.4%
Cook IslandsRebecca Borman
77.4%
Cook IslandsBrad Virata
77.4%
ChinaJames Clement
77.4%
ChinaFrosti Zernow
77.4%
ChinaJean-Robert Bellande
77.4%
Fans v. FavoritesAlexis Jones
77.4%
MarquesasHunter Ellis
75.5%
AmazonRoger Sexton
75.5%
Pearl IslandsRyan Shoulders
75.5%
VanuatuJulie Berry
75.5%
VanuatuLeann Slaby
75.5%
VanuatuRory Freeman
75.5%
PanamaNick Stanbury
75.5%
PanamaRuth Marie Milliman
75.5%
PanamaMelinda Hyder
75.5%
PanamaTina Scheer
75.5%
Cook IslandsJenny Guzon-Bae
75.5%
Cook IslandsBilly Garcia
75.5%
AfricaClarence Black
73.6%
MarquesasGabriel Cade
73.6%
MarquesasSarah Jones
73.6%
MarquesasPeter Harkley
73.6%
ThailandShii Ann Huang
73.6%
AmazonDave Johnson
73.6%
Pearl IslandsNicole Delma
73.6%
VanuatuChad Crittenden
73.6%
VanuatuLea Masters
73.6%
VanuatuBrook Geraghty
73.6%
PalauWillard Smith
73.6%
PanamaDan Barry
73.6%
Cook IslandsJessica Smith
73.6%
FijiKenward Bernis
73.6%
FijiAlex Angarita
73.6%
FijiMookie Lee
73.6%
FijiEdgardo Rivera
73.6%
GuatemalaBobby Jon Drinkard
73.6%
Season Contestant % Correct
ChinaJaime Dugan
73.6%
ChinaSteve Morris
73.6%
Fans v. FavoritesJames Clement
73.6%
Fans v. FavoritesOzzy Lusth
73.6%
Fans v. FavoritesEliza Orlins
73.6%
Fans v. FavoritesJon Dalton
73.6%
AfricaBrandon Quinton
71.7%
AfricaSilas Gaither
71.7%
ThailandJake Billingsley
71.7%
AmazonShawna Mitchell
71.7%
VanuatuDolly Neely
71.7%
PalauIbrehem Rahman
71.7%
PalauJames Miller
71.7%
PalauAngie Jakusz
71.7%
GuatemalaJamie Newton
71.7%
PanamaBobby Mason
71.7%
Cook IslandsSekou Bunch
71.7%
Fans v. FavoritesAmi Cusack
71.7%
Fans v. FavoritesMary Sartain
71.7%
AfricaKelly Goldsmith
69.8%
MarquesasGina Crews
69.8%
ThailandPenny Ramsey
69.8%
Pearl IslandsMichelle Tesauro
69.8%
VanuatuMia Galeotalanza
69.8%
PalauKim Mullen
69.8%
PalauJeff Wilson
69.8%
PalauJolanda Jones
69.8%
FijiLisi Linares
69.8%
ChinaAaron Reisberger
69.8%
AfricaLindsey Richter
67.9%
AmazonJeanne Hebert
67.9%
AmazonJoAnna Ward
67.9%
AmazonDaniel Lue
67.9%
Pearl IslandsTrish Dunn
67.9%
VanuatuTravis Sampson
67.9%
GuatemalaBlake Towsley
67.9%
GuatemalaJim Lynch
67.9%
Cook IslandsCao Boi Bui
67.9%
FijiStacy Kimball
67.9%
FijiMichelle Yi
67.9%
FijiJames Reid
67.9%
ChinaLeslie Nease
67.9%
ChinaAshley Massaro
67.9%
Fans v. FavoritesChet Welch
67.9%
Fans v. FavoritesJoel Anderson
67.9%
Fans v. FavoritesYau Man Chan
67.9%
MarquesasPatricia Jackson
66%
VanuatuLisa Keiffer
66%
VanuatuJohn Palyok
66%
VanuatuJohn Kenney
66%
PalauAshlee Ashby
66%
GuatemalaBrandon Bellinger
66%
GuatemalaAmy O'Hara
66%
GuatemalaBrian Corridan
66%
GuatemalaMorgan McDevitt
66%
Fans v. FavoritesTracy Hughes-Wolf
66%
Fans v. FavoritesKathleen Sleckman
66%
Fans v. FavoritesMikey Bortone
66%
AfricaCarl Bilancione
64.2%
AfricaDiane Ogden
64.2%
AmazonRyan Aiken
64.2%
GuatemalaMargaret Bobonich
64.2%
GuatemalaBrianna Varela
64.2%
Cook IslandsJ.P. Calderon
64.2%
Cook IslandsCecilia Mansilla
64.2%
FijiGary Stritesky
64.2%
FijiSylvia Kwan
64.2%
ChinaSherea Lloyd
64.2%
ChinaDave Cruser
64.2%
ThailandKen Stafford
62.3%
ThailandErin Collins
62.3%
ThailandRobb Zbacnik
62.3%
ThailandGhandia Johnson
62.3%
AmazonJanet Koth
62.3%
Pearl IslandsShawn Cohen
62.3%
VanuatuBrady Finta
62.3%
GuatemalaBrooke Struck
62.3%
Cook IslandsCristina Coria
62.3%
Cook IslandsStephannie Favor
62.3%
FijiAnthony Robinson
62.3%
AfricaLinda Spencer
60.4%
AfricaJessie Camacho
60.4%
ThailandJed Hildebrand
60.4%
Fans v. FavoritesJonathan Penner
60.4%
ThailandTanya Vance
56.6%
ThailandJohn Raymond
56.6%
FijiRita Verreos
56.6%
FijiJessica deBen
56.6%
ThailandStephanie Dill
54.7%
FijiLiliana Gomez
52.8%
FijiErica Durosseau
52.8%

You're not logged in!

Compare scores with friends on all Sporcle quizzes.
Sign Up with Email
OR
Log In

You Might Also Like...

Show Comments

Extras

Top Quizzes Today


Score Distribution

Your Account Isn't Verified!

In order to create a playlist on Sporcle, you need to verify the email address you used during registration. Go to your Sporcle Settings to finish the process.